000 00480nam a2200181Ia 4500
008 090124s9999 xx 000 0 und d
082 _b30096
100 _aराजे शैलजा
245 _a इभ्रत
250 _a0
260 _bअमोल प्रकाशन
_c1991
300 _a153
600 _aराजे शैलजा
630 _a इभ्रत
700 _aराजे शैलजा
730 _a इभ्रत
942 _cBOOK
999 _c95818
_d95818